Adquisición y análisis de datos recogidos por canales de comunicación MBC
Uloženo v:
| Hlavní autor: | |
|---|---|
| Médium: | Kniha |
| Vydáno: |
[San José, Costa Rica]
2007
|
| Témata: | |
| Tagy: |
Přidat tag
Žádné tagy, Buďte první, kdo vytvoří štítek k tomuto záznamu!
|
MARC
| LEADER | 00000nam a2200000Ia 4500 | ||
|---|---|---|---|
| 003 | 001229 | ||
| 005 | 20221231144055.0 | ||
| 008 | 140114s2007 cr a 000 ||s d | ||
| 040 | |c cru CEDI | ||
| 090 | |a TFG 5751 | ||
| 100 | |a Salas Cascante, Marcelo |9 2937 | ||
| 245 | |a Adquisición y análisis de datos recogidos por canales de comunicación MBC | ||
| 260 | |c 2007 |b [San José, Costa Rica] | ||
| 300 | |a 51 hojas; ilustraciones a color | ||
| 500 | |a Proyecto de graduación (bachillerato en ingeniería eléctrica)--Universidad de Costa Rica. Facultad de Ingeniería. Escuela de Ingeniería Eléctrica | ||
| 650 | |x PROCEDIMIENTOS DE SEÑALES |x ONDAS DE RADIO |x SISTEMAS DE TELECOMUNICACION |x SISTEMAS DE TRANSMISION DE DATOS |x METEORISMO |x ELECTRONICA |x GUIAS DE ONDAS |9 4148 | ||
| 942 | |c TFG | ||
| 999 | |c 16508 |d 16508 | ||
